<?xml version="1.0" encoding="UTF-8"?><?xml-stylesheet type="text/xsl" href="static/style.xsl"?><OAI-PMH xmlns="http://www.openarchives.org/OAI/2.0/" xmlns:xsi="http://www.w3.org/2001/XMLSchema-instance" xsi:schemaLocation="http://www.openarchives.org/OAI/2.0/ http://www.openarchives.org/OAI/2.0/OAI-PMH.xsd"><responseDate>2026-04-17T00:45:35Z</responseDate><request verb="GetRecord" identifier="oai:www.recercat.cat:2117/393443" metadataPrefix="marc">https://recercat.cat/oai/request</request><GetRecord><record><header><identifier>oai:recercat.cat:2117/393443</identifier><datestamp>2025-07-23T00:22:14Z</datestamp><setSpec>com_2072_1033</setSpec><setSpec>col_2072_452951</setSpec></header><metadata><record xmlns="http://www.loc.gov/MARC21/slim" xmlns:dcterms="http://purl.org/dc/terms/" xmlns:xsi="http://www.w3.org/2001/XMLSchema-instance" xmlns:doc="http://www.lyncode.com/xoai" xsi:schemaLocation="http://www.loc.gov/MARC21/slim http://www.loc.gov/standards/marcxml/schema/MARC21slim.xsd">
   <leader>00925njm 22002777a 4500</leader>
   <datafield ind2=" " ind1=" " tag="042">
      <subfield code="a">dc</subfield>
   </datafield>
   <datafield ind2=" " ind1=" " tag="720">
      <subfield code="a">Doudi Vega, David</subfield>
      <subfield code="e">author</subfield>
   </datafield>
   <datafield ind2=" " ind1=" " tag="260">
      <subfield code="c">2023-07-12</subfield>
   </datafield>
   <datafield ind2=" " ind1=" " tag="520">
      <subfield code="a">En la actualidad, nos enfrentamos a un desafío significativo en el ámbito industrial: la falta de compatibilidad entre diversos dispositivos. Aunque podemos conectar diferentes dispositivos, necesitamos utilizar pasarelas para establecer una comunicación efectiva entre ellos. Para abordar este problema, se han desarrollado los servidores OPC, un protocolo de comunicación que está experimentando un crecimiento significativo en la industria. Nuestro proyecto se centra en aprovechar las capacidades de los servidores OPC, examinando su compatibilidad y seguridad al interactuar con diversos dispositivos. Con el objetivo de lograr una comunicación fluida entre ellos, utilizaremos tres controladores, dos PLCs y un Arduino, todos ellos interconectados mediante el uso de Simulink. Una de las principales metas de nuestro proyecto es evaluar la compatibilidad de los servidores OPC con los diferentes dispositivos mencionados. Investigaremos cómo se establece la comunicación entre los controladores, los PLCs y el Arduino, y analizaremos los desafíos que puedan surgir en el proceso. Este análisis nos permitirá comprender las limitaciones y posibles soluciones que existen para lograr una comunicación más eficiente y segura. Además de la compatibilidad, también nos enfocaremos en la seguridad de la comunicación entre los dispositivos. Los sistemas industriales deben garantizar la integridad y confidencialidad de los datos, especialmente en entornos donde la ciberseguridad es una preocupación creciente. Examinaremos las medidas de seguridad implementadas por los servidores OPC y evaluaremos su efectividad en la protección de la información sensible que se transmite entre los dispositivos.</subfield>
   </datafield>
   <datafield tag="653" ind2=" " ind1=" ">
      <subfield code="a">Àrees temàtiques de la UPC::Enginyeria de la telecomunicació::Telemàtica i xarxes d'ordinadors::Protocols de comunicació</subfield>
   </datafield>
   <datafield tag="653" ind2=" " ind1=" ">
      <subfield code="a">Computer network protocols</subfield>
   </datafield>
   <datafield tag="653" ind2=" " ind1=" ">
      <subfield code="a">Electronic apparatus and appliances</subfield>
   </datafield>
   <datafield tag="653" ind2=" " ind1=" ">
      <subfield code="a">Electronic data processing -- Distributed processing</subfield>
   </datafield>
   <datafield tag="653" ind2=" " ind1=" ">
      <subfield code="a">Arduino</subfield>
   </datafield>
   <datafield tag="653" ind2=" " ind1=" ">
      <subfield code="a">Comunicaciones industriales</subfield>
   </datafield>
   <datafield tag="653" ind2=" " ind1=" ">
      <subfield code="a">KepServer</subfield>
   </datafield>
   <datafield tag="653" ind2=" " ind1=" ">
      <subfield code="a">NX102</subfield>
   </datafield>
   <datafield tag="653" ind2=" " ind1=" ">
      <subfield code="a">NX1P2</subfield>
   </datafield>
   <datafield tag="653" ind2=" " ind1=" ">
      <subfield code="a">Omron</subfield>
   </datafield>
   <datafield tag="653" ind2=" " ind1=" ">
      <subfield code="a">OPC DA</subfield>
   </datafield>
   <datafield tag="653" ind2=" " ind1=" ">
      <subfield code="a">OPC UA</subfield>
   </datafield>
   <datafield tag="653" ind2=" " ind1=" ">
      <subfield code="a">PLC</subfield>
   </datafield>
   <datafield tag="653" ind2=" " ind1=" ">
      <subfield code="a">Sysmac</subfield>
   </datafield>
   <datafield tag="653" ind2=" " ind1=" ">
      <subfield code="a">Protocols de xarxes d'ordinadors</subfield>
   </datafield>
   <datafield tag="653" ind2=" " ind1=" ">
      <subfield code="a">Electrònica -- Aparells i instruments</subfield>
   </datafield>
   <datafield tag="653" ind2=" " ind1=" ">
      <subfield code="a">Processament distribuït de dades</subfield>
   </datafield>
   <datafield ind2="0" ind1="0" tag="245">
      <subfield code="a">Diseño e implementación de un sistema distribuido de comunicación basado en OPC</subfield>
   </datafield>
</record></metadata></record></GetRecord></OAI-PMH>